|
|
|
|
| LEADER |
00000cam a2200000 7i4500 |
| 001 |
0000022830 |
| 005 |
20101214.0 |
| 008 |
100816 my a f may |
| 040 |
|
|
|a INS
|
| 090 |
0 |
0 |
|a VO156
|
| 110 |
1 |
|
|a Kursus loji dan jentera : Pengumpulan, penstoran dan pengurusan data ,
|d 2010 15 - 18 Mac
|c INSPEN, Bangi
|
| 245 |
0 |
0 |
|a Kursus loji dan jentera : Pengumpulan, penstoran dan pengurusan data :
|b 15- 18 Mac 2010
|c Anjuran Pusat Penilaian dan Perkhidmatan Harta, INSPEN
|
| 260 |
|
|
|a Bangi :
|b Institut Penilaian Negara ,
|c 2010
|
| 300 |
|
|
|a 1v. ( Mukasurat pelbagai ) :
|b ill., pic. ;
|c 30 cm.
|
| 650 |
|
0 |
|a Machinery
|x Valuation
|
| 710 |
1 |
|
|a INSPEN ( Institut Penilaian Negara )
|
| 856 |
|
|
|u http://app.inspen.gov.my:7779/pls/portal/docs/PAGE/CORPORATEPAGES/PORTAL_INSPEN/NOTA_KURSUS/VO/12%20KURSUS%20LOJI%20DAN%20JENTERA%20PENGUMPULAN%2C%20PENSTORAN%20DAN%20PENGURUSAN%20DATA.PDF
|
| 999 |
|
|
|a VO00000340
|b BOOK
|c Course Notes
|e Default branch
|
| 999 |
|
|
|a VO00000341
|b BOOK
|c Course Notes
|e Default branch
|
| 999 |
|
|
|a VO00000352
|b BOOK
|c Course Notes
|e Default branch
|